Регионална библиотека "Любен Каравелов" - Русе

Полное собрание сочинений Генрика Ибсена (Запис номер 428437)

MARC детайли
000 -Лидер
Контролно поле с фиксирана дължина nam a22 a 4500
003 - Код на организацията, давaща контролен номер
Контролно поле BLK
005 - Дата и час на последна редакция
Контролно поле 20210813143447.0
008 - Елементи от данни с фиксирана дължина
fixed length control field 200827b bu |||||r|||| 00| | bu d
040 ## - Източник на каталожния запис
Идентификатор на билиотеката - собственик на записа BLK
041 ## - Код за език
Код за езика на текст/звукозапис или на отделно заглавие Руски
Код за езика КДБФ Руски
080 ## - УДК
Текстов определител УДК Норвежка литература
УДК код - определител по УДК 821.113.5
УДК определител -8
УДК - код + определител 821.113.5-8
100 ## - Редна дума - Автор
Автор Ибсен, Хенрик
Авторска отговорност първи автор
R(LIN) 1299
139 ## - Редно поле
Редна дума Ибсен, Хенрик
245 10 - Сведения за заглавието
Заглавие Полное собрание сочинений Генрика Ибсена
Подзаглавни данни Т. 1-8
Редно поле (дума) Генрик Ибсен; Пер. с дат.-норв. А. и П. Ганзен
Том Т. 2
260 ## - Област на издателските данни
Място на издаване, разпространение и проч. Москва
Име на издателя, разпространителя и проч. С. Скирмунт
Година на издаване 1906
9 (RLIN) 218050
300 ## - Физическа характеристика
Размери/Мащаб 22 см
380 ## - Жанр
Жанр Худож. лит.
505 ## - Форматирана забележка
Заглавие Богатырский курган
505 ## - Форматирана забележка
Заглавие Фру Ингер
505 ## - Форматирана забележка
Заглавие Пир в Сольхауге
505 ## - Форматирана забележка
Заглавие Олаф Лилиенкранс
505 ## - Форматирана забележка
Заглавие Воители в Гельгеланде
700 ## - Други автори (авторска отговорност)
Лично име Ганзен, Анна Васильевна
Автороска отговорност (Описва отношението между автора и произведението) прев. от дат.
9 (RLIN) 1064
700 ## - Други автори (авторска отговорност)
Лично име Ганзен, Петр Готфридович
Автороска отговорност (Описва отношението между автора и произведението) прев. от дат.
9 (RLIN) 1064
760 ## - Описание на основната серия
Редна дума на основното описание Ибсен, Хенрик
Страници - том [8], 397 с.
Част - том Т.2
Заглавие Полное собрание сочинений Генрика Ибсена
852 ## - Местоположение
Форматна сигнатура Цб 8.220.9008
Фондова буква Основен фонд - ползва се само за читалня
856 4# - Електронен адрес и достъп
Електронен формат pdf - файл
Път до файла /url/
856 4# - Електронен адрес и достъп
Електронен формат pdf - файл
Път до файла /url/
999 ## - СИСТЕМНИ КОНТРОЛНИ НОМЕРА
Koha biblionumber 428437
Koha biblioitemnumber 428437
942 ## - АРТИКУЛИ
Вид на библиотечния материал Книги
Скрит в OPAC Не
Периодичен библиозапис Да
944 ## - СЪЗДАВАНЕ И РЕДАКЦИЯ на ЗАПИСА
Създаване/Редакция Създаване
Дата на регистрацията/редакция 2021-08-13
Служител, извършил регистрацията/редакцията К.Д.
Наличности
Код за отписване Код за изгубен артикул Източник на класификационната схема Код за повреда Коз за рестрикции Код за отдаване Артикулен № Име на библиотеката - собственик Име на библиотеката, в която се намира в момента Статус (Текущо местоположение) Дата на вписване в системата Местоположение - отдел Цена в лева Инвентарен номер Систематично азбучна сигнатура Баркод Цена в евро Служебен тип на артикула
  Не е изгубен Universal Decimal Classification Не е повреден само за читалня ползва се в читалня 848804 Регионална библиотека "Любен Каравелов" Русе Регионална библиотека "Любен Каравелов" Русе Хранилище 2021-08-16 Основен фонд - ползва се само за читалня 0.79 12749/58 Цб 8.220.9008 900000074279 0.40 Книги
  Не е изгубен Universal Decimal Classification Не е повреден само за читалня ползва се в читалня 848940 Регионална библиотека "Любен Каравелов" Русе Регионална библиотека "Любен Каравелов" Русе Хранилище 2021-08-17 Основен фонд - ползва се само за читалня 0.00 9008-ІІ Цб 8.225.9008 900000074534 0.00 Книги
Vip Innovations Ltd, Rousse, Bulgaria 2025